| 000 | 00504nam a2200169 i 4500 | ||
|---|---|---|---|
| 001 | 44302 | ||
| 003 | ES-MaACL | ||
| 007 | t| | ||
| 008 | 030321s1974 sp ||||1| spa d | ||
| 100 | 1 |
_aCierva, Ricardo de la, _d1926-2015 _938790 |
|
| 245 | 1 | 0 |
_aHistoria básica de la España actual (1800-1974) / _cRicardo de la Cierva. |
| 250 | _a[1ª ed.]. | ||
| 260 |
_aBarcelona : _bPlaneta, _c[1974] |
||
| 300 |
_a572 p. ; _c25 cm. |
||
| 852 |
_aES-MaACL _jE-6458 _bR.90937 |
||
| 999 |
_c44302 _d44302 |
||